How to Reduce the Extreme Risk of Losses in Corn and Soybean Markets? Construction of a Portfolio With European Stock Indices
Kvôli pandémii COVID-19 a vojne na Ukrajine došlo k výraznému zvýšeniu cien poľnohospodárskych komodít, čo nevyhnutne znamená vysoké riziko. V tomto článku sa autori snažia zmierniť extrémne riziko kukurice a sóje budovaním multivariačných portfólií s rozvinutými a rozvíjajúcimi sa európskymi akcio...
Enregistré dans:
| Auteur principal: | |
|---|---|
| Autres auteurs: | , , , |
| Format: | Chapitre de livre |
| Langue: | anglais |
| Sujets: | |
| Tags: |
Pas de tags, Soyez le premier à ajouter un tag!
|
MARC
| LEADER | 00000naa a2200000 4500 | ||
|---|---|---|---|
| 001 | 0292181 | ||
| 005 | 20230428140625.9 | ||
| 041 | 0 | |a eng | |
| 044 | |a CZ | ||
| 245 | 1 | 0 | |a How to Reduce the Extreme Risk of Losses in Corn and Soybean Markets? Construction of a Portfolio With European Stock Indices |c Dejan Živkov, Biljana Stankov, Nataša Papić-Blagojević, Jelena Damnjanović, Željko Račić |
| 520 | |a Kvôli pandémii COVID-19 a vojne na Ukrajine došlo k výraznému zvýšeniu cien poľnohospodárskych komodít, čo nevyhnutne znamená vysoké riziko. V tomto článku sa autori snažia zmierniť extrémne riziko kukurice a sóje budovaním multivariačných portfólií s rozvinutými a rozvíjajúcimi sa európskymi akciovými indexmi. | ||
| 610 | 2 | 0 | |a poľnohospodárstvo |
| 610 | 2 | 0 | |a kukurica |
| 610 | 2 | 0 | |a sója |
| 610 | 2 | 0 | |a riziko trhové |
| 610 | 2 | 0 | |a strata |
| 610 | 2 | 0 | |a portfólio |
| 610 | 2 | 0 | |a indexy akciové |
| 100 | 1 | |a Živkov, Dejan | |
| 700 | 1 | |a Stankov, Biljana | |
| 700 | 1 | |a Papić-Blagojević, Nataša | |
| 700 | 1 | |a Damnjanović, Jelena | |
| 700 | 1 | |a Račić, Željko | |